|
|
|
|
| LEADER |
00000cam a22000004a 4500 |
| 001 |
musev2_6953 |
| 003 |
MdBmJHUP |
| 005 |
20230905040815.0 |
| 006 |
m o d |
| 007 |
cr||||||||nn|n |
| 008 |
100201s2010 miu o 00 0 eng d |
| 010 |
|
|
|z 2010003500
|
| 020 |
|
|
|a 9781609171957
|
| 020 |
|
|
|z 9780870139741
|
| 035 |
|
|
|a (OCoLC)778226506
|
| 040 |
|
|
|a MdBmJHUP
|c MdBmJHUP
|
| 043 |
|
|
|a n-us---
|
| 050 |
0 |
4 |
|a LC238
|b .H36 2010
|
| 082 |
0 |
|
|a 378.1/03
|2 22
|
| 245 |
0 |
0 |
|a Handbook of Engaged Scholarship: Contemporary Landscapes, Future Directions: Volume 1 :
|b Institutional Change /
|c edited by Hiram E. Fitzgerald, Cathy Burack, and Sarena Seifer.
|
| 264 |
|
1 |
|a East Lansing :
|b Michigan State University Press,
|c 2010.
|
| 264 |
|
3 |
|a Baltimore, Md. :
|b Project MUSE,
|c 2012
|
| 264 |
|
4 |
|c ©2010.
|
| 300 |
|
|
|a 1 online resource (476 pages):
|b ill. ;
|
| 336 |
|
|
|a text
|b txt
|2 rdacontent
|
| 337 |
|
|
|a computer
|b c
|2 rdamedia
|
| 338 |
|
|
|a online resource
|b cr
|2 rdacarrier
|
| 490 |
0 |
|
|a Transformations in higher education : the scholarship of engagement
|
| 504 |
|
|
|a Includes bibliographical references and index.
|
| 588 |
|
|
|a Description based on print version record.
|
| 650 |
|
0 |
|a Education, Higher
|x Aims and objectives
|z United States.
|
| 650 |
|
0 |
|a Service learning
|z United States
|v Handbooks, manuals, etc.
|
| 650 |
|
0 |
|a Community and college
|z United States
|v Handbooks, manuals, etc.
|
| 655 |
|
7 |
|a Electronic books.
|2 local
|
| 700 |
1 |
|
|a Seifer, Sarena D.
|
| 700 |
1 |
|
|a Burack, Cathy.
|
| 700 |
1 |
|
|a Fitzgerald, Hiram E.
|
| 710 |
2 |
|
|a Project Muse.
|e distributor
|
| 830 |
|
0 |
|a Book collections on Project MUSE.
|
| 856 |
4 |
0 |
|z Texto completo
|u https://projectmuse.uam.elogim.com/book/6953/
|
| 945 |
|
|
|a Project MUSE - Custom Collection
|
| 945 |
|
|
|a Project MUSE - 2010 Higher Education
|
| 945 |
|
|
|a Project MUSE - 2010 Complete
|